000 00535nam a2200193Ia 4500
005 20250508154734.0
008 008 250505s9999 xx 000 0 eng d
037 _aTextual
040 _aFEDL
_beng
_cFEDL
041 _aeng
_2eng
084 _a370.1, STE
_qFEDL
100 _aStenhouse Lawrence
245 0 _aCulture and education
260 _aLondon, UK
_bThomas Nelson and Sons Ltd
_c1967
300 _aviii,156p
650 _aEducation - Philosophy
942 _cTEXL
_h370.1, STE
999 _c1351888
_d1351888